Romances del río seco /
Guardado en:
| Autor Principal: | |
|---|---|
| Formato: | Libro |
| Publicado: |
Barcelona :
Sol 90,
2001
|
| Series: | Clarín la bilioteca argentina. Serie Clásicos; No. 14 / dirigida por Ricardo Piglia y Osvaldo tcherkaski
|
| Materias: | |
| Etiquetas: |
Agregar Etiqueta
Sin Etiquetas, Sea el primero en etiquetar este registro!
|
| LEADER | 00807nam a22002295a 4500 | ||
|---|---|---|---|
| 001 | CEM.cems011945 | ||
| 005 | 20110506212854.0 | ||
| 008 | 130507s2001##################000#0#####d | ||
| 003 | CEMS | ||
| 020 | |a 8495594684 | ||
| 082 | 0 | 4 | |a A861.4 |
| 100 | 1 | |a Lugones, Leopoldo | |
| 245 | 1 | 0 | |a Romances del río seco / |c Leopoldo Lugones |
| 260 | |a Barcelona : |b Sol 90, |c 2001 | ||
| 300 | |a 232 p. | ||
| 490 | 0 | |a Clarín la bilioteca argentina. Serie Clásicos; No. 14 / dirigida por Ricardo Piglia y Osvaldo tcherkaski | |
| 505 | 0 | |a poesía gauchezca que relatan crónicas de distintos personajes de nuestro país del siglo XIX | |
| 653 | |a Poesía | ||
| 653 | |a Poesía argentina | ||
| 653 | |a Poesía gauchezca | ||
| 653 | |a Poesía argetina-siglo xx | ||
| 859 | |a CEMS |b BIB. CEMS - 11 de abril |h A861.4 |i L967-2 |p 23074.05 |t Ej.1 | ||
